00487nam a2200133Ia 4500008004100000100001900041245006900060260003600129300001800165650001000183856006800193999001900261952007300280160712s9999 xx 000 0 und d aLau, Isabelle. cIsabelle LauaFollowing (Lone)liness with an Airplane of Thought c2011bReview of Women's Studies avol. 21 no. 1 xWOMEN uhttp://journals.upd.edu.ph/index.php/rws/issue/view/441/showToc c297704d297704 001040aCLbCLd2016-07-12l0r2016-07-12 00:00:00w2016-07-12yFEJ